El hombre y su genoma : híbrido singular, creador y tanático /

Salvato in:
Dettagli Bibliografici
Autore principale: Llavero, Francisco (autor)
Natura: Libro
Lingua:spagnolo
Pubblicazione: Madrid, España : Biblioteca Nueva, 2003, c2003
Soggetti:
Tags: Aggiungi Tag
Nessun Tag, puoi essere il primo ad aggiungerne!!

MARC

LEADER 00000nam^a2200000^a^4500
001 000152712
005 20250521000000.0
009 20260310100255.286
020 |a 84-9742-135-3 
037 |a Acervo ITESO - Biblioteca 
041 |a ESP 
082 |a 616. 3  |b LLA 
100 |a Llavero, Francisco  |e (autor) 
245 1 3 |a El hombre y su genoma :  |b híbrido singular, creador y tanático /  |c F. Llavero. 
264 4 |a Madrid, España :  |b Biblioteca Nueva,  |c 2003, c2003 
300 |a 286 p. 
336 |a texto  |b txt  |2 rdacontenido 
337 |a sin mediación  |b n  |2 rdamedio 
338 |a volumen  |b nc  |2 rdasoporte 
649 |a XX 
650 |a Personalidad 
650 |a Trastornos de Conducta 
650 |a Cerebro 
650 |a Sistema Nervioso 
650 |a Sintomatología 
650 |a Psicopatología 
650 |a Psiquiatría -  |x Historia 
650 |a Neuropsicología 
650 |a Neurofisiología 
650 |a Neurociencias 
650 |a Ciencias Médicas 
910 |a Fondo General 
920 |a Impresos - Libros 
930 |a Colección General 
905 |a 101 
901 |a 0500081978  |b IT1  |c ACC  |u 20250521 
902 |a https://opac.biblio.iteso.mx/vufind/Record/000152712